000 00681nam a2200181Ia 4500
999 _c2630
_d2630
003 DO-SdBJH
005 20180416035322.0
008 180414s9999 dr 000 0 spa d
040 _aDO-SdBJH
_bspa
_cDO-SdBJH
090 _aDM FM 100-15 1996
110 _aInstituto de Cooperación para la Seguridad Hemisférica
245 1 0 _aFM 100-15 Operaciones del cuerpo de Ejército / Instituto de Cooperación para la Seguridad Hemisférica
260 _aFuerte Benning, Georgia : Cuartel General Secretaría del Ejército, 1996
300 _axii, 337 páginas en varias paginaciones
504 _aIncluye apéndices
650 4 _aOperaciones -- Cuerpo de ejército
942 _2ddc
_cBK